10 Closest Capitals to Tokyo Quiz Stats

 Plays Quiz Updated Aug 16, 2018

Score 0/10 Timer 02:00
4 Plays Today
Capital % Correct
Beijing, China
97.1%
Seoul, South Korea
96.1%
Pyongyang, North Korea
87.7%
Manila, Philippines
73.8%
Taipei, Taiwan
72%
Hanoi, Vietnam
70.2%
Ulaanbaatar, Mongolia
53.1%
Vientiane, Laos
42.6%
Ngerulmud, Palau
15.6%
Palikir, Micronesia
15.2%

You're not logged in!

Compare scores with friends on all Sporcle quizzes.
OR
Log In

Sporcle TV

Today on Sporcle TV


Watch our educational content, quiz creation guides, and fun videos on Sporcle TV.

Show Comments

Extras

Top Quizzes Today


Score Distribution

Your Account Isn't Verified!

In order to create a playlist on Sporcle, you need to verify the email address you used during registration. Go to your Sporcle Settings to finish the process.

Report this User

Report this user for behavior that violates our Community Guidelines.

Details: